| 000 | 00913nam a22002657a 4500 | ||
|---|---|---|---|
| 999 |
_c7936 _d7936 |
||
| 003 | AR-CdUCM | ||
| 008 | 190321b ||||| |||| 00| 0 spa d | ||
| 040 |
_aMUNICIPALIDAD PROVINCIAL DEL CUSCO _cBIBLIOTECA MUNICIPAL DEL CUSCO |
||
| 082 |
_a508.2 / _bL91 |
||
| 100 |
_aLotze, Franz _922421 |
||
| 245 | _aGeologia / | ||
| 260 |
_aMexico : _bUnion Tipografica Editorial Hispano Americana, _c1961. |
||
| 300 |
_aVI, 195 paginas ; _bIlustraciones, Graficos, dibujos, _c17 cm. |
||
| 440 |
_aManuales Uteha _n42 _922422 |
||
| 500 | _aCiencias Naturales | ||
| 505 | _aContenido: Geologia -- cuerpo terrestre -- Geologia -- endogena -- tectonicos -- historia de la tierra... | ||
| 650 |
_aGeologia _917044 |
||
| 650 |
_aTierra _9337 |
||
| 650 |
_aEndogena _922423 |
||
| 650 |
_aTectonismo _922424 |
||
| 700 |
_aFaulhaber, Johanna _922425 |
||
| 700 |
_aVivo, Jorge A. _922426 |
||
| 942 |
_2ddc _cLIBROS |
||
| 945 | _apjha | ||